Progressive and innovative machining technology and manufacturing techniques 2012 : Proceedings of VIII. International Scientific Conference held on the occasion of the 45th anniversary of the Department of Machining and Manufacturing Technology. 5.-7.9.2012, Papradno - Podjavorník, Žilina

Na minha lista:
Detalhes bibliográficos
Formato: Livro
Idioma:inglês
Publicado em: Žilina : Žilinská univerzita, 2012
Tags: Adicionar Tag
Sem tags, seja o primeiro a adicionar uma tag!

MARC

LEADER 00000nam a22000003a 4500
001 stu255224
005 20150408165247.4
008 121004s2012----xo------------------eng-d
020 |a 978-80-89276-37-0 
040 |a STU  |b slo 
041 0 |a eng 
044 |a xo 
245 |a Progressive and innovative machining technology and manufacturing techniques 2012 :  |b Proceedings of VIII. International Scientific Conference held on the occasion of the 45th anniversary of the Department of Machining and Manufacturing Technology. 5.-7.9.2012, Papradno - Podjavorník, Žilina 
260 |a Žilina :  |b Žilinská univerzita,  |c 2012 
300 |a 93 s 
500 |a zborník bol recenzovaný 
996 |b 284M081482  |c M*Z-4003  |l MMKN  |s A  |a 24  |w stu255224_0001 
996 |b 284M081481  |c M*Z-4002  |l MMKN  |s A  |a 24  |w stu255224_0002 
996 |b 284M081480  |c M*Z-4001  |l MMKN  |s A  |a 24  |w stu255224_0003